|
|
|
|
| LEADER |
01322nam a2200373 4500 |
| 001 |
000005154 |
| 003 |
1297 |
| 005 |
20110812100859.0 |
| 008 |
110810s1986 viesd |
| 020 |
|
|
|c 15000đ
|
| 041 |
0 |
|
|a vie
|
| 082 |
|
|
|a 398.2
|b DAY
|
| 100 |
0 |
|
|a Lê Trí Viễn
|
| 245 |
|
0 |
|a Dạy và học thơ ca dân gian
|b Sách phục vụ cho giáo viên, học sinh các lớp 6, 7, 8 (cấp III), sinh viên...
|c Lê Trí Viễn (chủ biên), Nguyễn Quốc Tuý, Nguyễn Đức Quyền
|
| 260 |
|
|
|a Nghĩa Bình
|b Sở Giáo dục Nghĩa Bình
|c 1986
|
| 300 |
|
|
|a 171 tr.
|c 19 cm.
|
| 653 |
|
|
|a Văn học dân gian
|
| 653 |
|
|
|a sách tham khảo
|
| 653 |
|
|
|a Việt Nam
|
| 653 |
|
|
|a sách giáo viên
|
| 653 |
|
|
|a ca dao
|
| 653 |
|
|
|a thơ
|
| 700 |
|
|
|a Lê Trí Viễn
|e Chủ biên
|
| 910 |
|
|
|a Huỳnh Thị Cẩm Lai
|d 10/08/2011
|
| OWN |
|
|
|a LSP
|
| AVA |
|
|
|a UDN50
|b LSP
|d 398.2 DAY
|e unavailable
|t Error 5002 Not defined in file expand_doc_bib_avail.
|f 4
|g 4
|h N
|i 0
|k 1
|
| 999 |
|
|
|a From the UDN01
|
| AVA |
|
|
|a UDN50
|b LSP
|d 398.2 DAY
|e unavailable
|t Error 5002 Not defined in file expand_doc_bib_avail.
|f 4
|g 4
|h N
|i 0
|k 1
|
| TYP |
|
|
|a Monograph
|
| TYP |
|
|
|a Printed language
|
| 980 |
|
|
|a Mạng thư viện Đại học Đà Nẵng
|